书目信息 |
| 题名: |
精编小学生500字优秀作文选
|
|
| 作者: | 袁林 编 | |
| 分册: | ||
| 出版信息: | 牡丹江 黑龙江朝鲜民族出版社 1998 |
|
| 页数: | 381页 | |
| 开本: | 20cm | |
| 丛书名: | 限字作文丛书 | |
| 单 册: | ||
| 中图分类: | H194.4 | |
| 科图分类: | ||
| 主题词: | 作文--小学--选集 | |
| 电子资源: | ||
| ISBN: | 7-5389-0747-5 | |
| 000 | 00625nam0 2200205 450 | |
| 001 | 0731427799 | |
| 005 | 20070723164952.98 | |
| 010 | @a7-5389-0747-5@dCNY13.00 | |
| 100 | @a20070713d1998 km y0chiy0120 ea | |
| 101 | 0 | @achi |
| 200 | 1 | @a精编小学生500字优秀作文选@Ajing bian xiao xue sheng 500 zi you xiu zuo wen xuan@f袁林等编@Fyuan lin deng bian |
| 210 | @a牡丹江@c黑龙江朝鲜民族出版社@d1998 | |
| 215 | @a381页@d20cm | |
| 225 | 2 | @a限字作文丛书 |
| 410 | 0 | @12001 @a限字作文丛书 |
| 606 | 0 | @a作文@x小学@x选集 |
| 690 | @aH194.4@v3 | |
| 701 | 0 | @a袁林@Ayuan lin@4编 |
| 801 | 0 | @aCN@bPFT@c20070723 |
| 905 | @a10447@dH194.4@e266 | |
| 精编小学生500字优秀作文选/袁林等编.-牡丹江:黑龙江朝鲜民族出版社,1998 |
| 381页;20cm.-(限字作文丛书) |
| ISBN 7-5389-0747-5:CNY13.00 |
| ● |
| 相关链接 |
|
|
|
|
正题名:精编小学生500字优秀作文选
索取号:H194.4/266
 
预约/预借
| 序号 | 登录号 | 条形码 | 馆藏地/架位号 | 状态 | 备注 |
| 1 | 0769759 | 207697599 | 第二样本阅览室/ [索取号:H194.4/266] | 在馆 |